000 01180cam a2200217 4500
001 WB@3612-887
008 041026n2004 000 0 eng u
035 _a(Sirsi) u127819
245 _aConsultation on waste data
260 _c2004
490 _aDEFRA News Release
_v(417/04) 25 October 2004 (2)
520 _aDEFRA has recently launched a consultation on a new three-year strategy for data on waste. It sets out proposals for delivering more accurate, complete, timely and consistent data on all types of waste. It also proposes more robust and consistent new arrangements for collecting data, based on common standards and definitions. Information would be stored in a central data warehouse, developed and funded by DEFRA, which will provide easy access to all via the internet. The consultation is available at: http://www.defra.gov.uk/corporate/consult/wip-data /index.htm and closes on 7 January 2005. http://www.defra.gov.uk/news/2004/041025c.htm
590 _aWB
590 _aWB
650 _aWASTE DISPOSAL
650 _aWASTE DISPOSAL STRATEGY
650 _aENVIRONMENT
_96238
650 _aLANDFILL SITES
690 _aWASTE MANAGEMENT
942 _n0
999 _c118221
_d118221